Domácí vzdělávání

Saved in:
Bibliographic Details
Main Author Bočková, Kateřina, 1976- (Author)
Format Book
LanguageCzech
Published Praha : Wolters Kluwer, 2020
EditionVydání první
Subjects
ISBN978-80-7598-824-9
Physical Description136 stran ; 22 cm

Cover

LEADER 00000aam a2200000 i 4500
001 115463
003 CZ-ZlUTB
005 20260429082904.0
007 ta
008 200630s2020 xr f 000 0 cze
015 |a cnb003233196 
020 |a 978-80-7598-824-9  |q (brožováno) 
040 |a BOA001  |b cze  |d ABA001  |d ZLD002  |e rda 
072 7 |a 37  |x Výchova a vzdělávání  |2 Konspekt  |9 22 
080 |a 37.018.1  |2 MRF 
080 |a 34  |2 MRF 
080 |a (048.8)  |2 MRF 
100 1 |a Bočková, Kateřina,  |d 1976-  |7 jo20211100027  |4 aut 
245 1 0 |a Domácí vzdělávání /  |c Kateřina Bočková 
250 |a Vydání první 
264 1 |a Praha :  |b Wolters Kluwer,  |c 2020 
300 |a 136 stran ;  |c 22 cm 
336 |a text  |b txt  |2 rdacontent 
337 |a bez média  |b n  |2 rdamedia 
338 |a svazek  |b nc  |2 rdacarrier 
504 |a Obsahuje bibliografii 
650 0 7 |a domácí vzdělávání  |7 ph119559  |2 czenas 
650 0 7 |a domácí vzdělávání  |7 ph119559  |x právní aspekty  |2 czenas 
650 0 9 |a home schooling  |2 eczenas 
650 0 9 |a home schooling  |x legal aspects  |2 eczenas 
655 7 |a monografie  |7 fd132842  |2 czenas 
655 9 |a monographs  |2 eczenas 
710 2 |a Wolters Kluwer Česká republika (firma)  |7 mzk2013746731  |4 pbl 
910 |a ZLD002 
942 |2 udc 
952 |0 0  |1 0  |4 0  |6 37BOČKOVÁK  |7 0  |8 BOOK  |9 190685  |a UTBZL  |b UTBZL  |c 037  |d 2026-04-08  |l 0  |o 37/BOČKOVÁ,K.  |p 420010201765  |r 2026-04-08 13:49:29  |v 1368.00  |w 2026-04-08  |x N:nákup  |y 01 
992 |a BK  |b SK 
999 |c 115463  |d 115463